Gaming Quiz

Random Gaming or Video Games Quiz

Hatoful Boyfriend Characters Quiz Stats

 Plays Quiz not verified by Sporcle

Score 0/13 Timer 02:00
0 Plays Today
% Correct
Sakuya Le Bel Shirogane
95.9%
Shuu Iwamine
95.9%
Nageki Fujishiro
94.9%
Ryouta Kawara
93.9%
Yuuya Sakazaki
93.9%
Anghel Higure
93.9%
Kazuaki Nanaki
92.9%
Okosan
91.8%
Leone JB
91.8%
Hiyoko Tosaka
89.8%
Kenzaburou Urushihara
85.7%
Azami Koshiba
84.7%
Hosokawa Blastar
69.4%

You're not logged in!

Compare scores with friends on all Sporcle quizzes.
OR
Log In

Sporcle TV

Today on Sporcle TV


Watch our educational content, quiz creation guides, and fun videos on Sporcle TV.

Show Comments

Extras

Top Quizzes Today


Score Distribution

Your Account Isn't Verified!

In order to create a playlist on Sporcle, you need to verify the email address you used during registration. Go to your Sporcle Settings to finish the process.

Report this User

Report this user for behavior that violates our Community Guidelines.

Details: